Personnes célèbres à double prénom 2 - Statistiques

Statistiques générales
  • Ce quiz a été pris 47 fois
  • Le résultat moyen est 15 sur 50
Statistiques - réponses
Indice 1 Indice 2 Indice 3 Prénom et nom % Correct
1965 Politicien XB Xavier Bertrand
70%
1946 Photographe Y A-B Yann Arthus-Bertrand
70%
1934-2019 Coiffeur J-LD Jean-Louis David
60%
1952 Couturier J-P G Jean-Paul Gaultier
58%
1955 Chanteur J-L A Jean-Louis Aubert
53%
1924-1970 Pianiste SF Samson François
49%
1980 Chanteuse SF Sandrine François
49%
1955-2005 Juge T J-P Thierry Jean-Pierre
47%
1984 Tennisman GS Gilles Simon
44%
1748-1825 Peintre J-LD Jacques-Louis David
40%
1813-1878 Médecin CB Claude Bernard
37%
1864-1942 Peintre SL Séraphine Louis
37%
1873-1940 Sportif SL Spyridon Louis
37%
1983 Sportif AB Alain Bernard
35%
1989 Sportive AM Amandine Henry
35%
1982 Sportif P-H M Paul-Henri Mathieu
35%
1898-1971 Acteur RS René Simon
35%
1972 Journaliste CH Caroline Henry
33%
1921-2001 Acteur JR Jean Richard
33%
1908-1980 Sportive SM Simonne Mathieu
33%
1979 Cuisinier AG Alexandre Gauthier
30%
1968 Actrice AR Anne Richard
30%
1979 Sportif CR Cyprien Richard
30%
1947 Actrice FR Firmine Richard
30%
1889-1980 Politicienne MR Marthe Richard
30%
1955 Humoriste MR Muriel Robin
30%
1975 Sportive VN Valérie Nicolas
30%
1873-1943 Editeur AM Albin Michel
28%
1933 Actrice FF Françoise Fabian
28%
1991 Chanteur LR Lilian Renaud
28%
1900-1994 Actrice MR Madeleine Renaud
28%
1924-1970 Acteur BN Bernard Noël
26%
1976 Animatrice ED Estelle Denis
26%
1918-1960 Cantatrice MR Madeleine Robin
26%
1932-2015 Actrice MN Magali Noël
26%
1996 Sportif M-A O Marc-Antoine Olivier
26%
1897-1989 Acteur NN Noël Noël
26%
1962 Grimpeur AR Alain Robert
21%
1911-1995 Compositeur RR Roger Roger
21%
1963 Sportif TM Thierry Marie
21%
1987 Sportif CG Cyril Gautier
19%
1943-1978 Navigateur AC Alain Colas
16%
1922 Générale VA Valérie André
16%
1917-1987 Ecrivain GA Georges Arnaud
14%
1913-1996 Réalisateur RC René Clément
12%
1977 Sportif AC Arnaud Clément
9%
1968 Animateur JA Jérôme Anthony
9%
1942 Acteur RG Roland Giraud
9%
1935-2018 Journaliste PG Philippe Gildas
2%
1931-2001 Réalisateur RE Robert Enrico
2%
Aucun quiz correspondant
Distribution des résultats
% des personnes avec chaque résultat
Percentile par nombre de réponses
Votre historique - résultats
Vous n’avez pas pris ce quiz